zpět

Detail výsledku týmu

Pěkná brynda ÚT, Beroun

Datum a čas kvízu

27 Celkem bodů Celkový počet nahraných bodů na tomto kvízu bez doplňovacích otázek.
4. Pořadí na kvízu Konečné umístění týmu na tomto kvízu.

Zaznamenané odpovědi

# Otázka Odpověď Body Výsledky
1. Jak se nazývá zámek nedaleko P... Štiřín 1
2. Do jedné vesnické školy zapsal... ve Francii 0
3. Minulý týden začal režisér Tom... Tři princezny 0
4. Bývalá manželka Billa Gatese M... Gatesova nadace 0
5. V sobotu se v Rijádu konal dlo... Tyson Fury, Oleksandr Usyk 0.5
6. Bájného českého knížete Kroka,... Krakov 1
7. K Janu Žižkovi se váže jistá p... C 1
8. Před kněžnou Libuší stanuli dv... A 1
9. Václav Podbrdský byl kameník,... A 0
10. Pokud dokážete určit, co tento... Stadice 0